00284nam a2200097Ia 4500008004100000100001800041245005900059260004200118260000900160999001700169170620s9999 xx 000 0 und d aRani- N. Usha 0aEducational Television in India- Challenges and Issues bNew Delhi- Discovery Publishing House c2005 c24350d24350